সৈয়দ ওয়ালীউল্লাহ্ / (Record no. 2455)

MARC details
000 -LEADER
fixed length control field 01034nam a2200253 a 4500
003 - CONTROL NUMBER IDENTIFIER
control field BD-DhJNU
005 - DATE AND TIME OF LATEST TRANSACTION
control field 20251222041621.0
008 - FIXED-LENGTH DATA ELEMENTS--GENERAL INFORMATION
fixed length control field 251108s2024 bg |||g |||| 000 1|ben|d
020 ## - INTERNATIONAL STANDARD BOOK NUMBER
International Standard Book Number 9844151260
040 ## - CATALOGING SOURCE
Original cataloging agency BD-DhJNU
Language of cataloging ben
Transcribing agency BD-DhJNU
Modifying agency BD-DhJNU
041 ## - LANGUAGE CODE
Language code of text/sound track or separate title ben
082 ## - DEWEY DECIMAL CLASSIFICATION NUMBER
Classification number 891.443092 SYS
Edition number 23
100 ## - MAIN ENTRY--PERSONAL NAME
Personal name সৈয়দ, আবদুল মান্নান
242 10 - TRANSLATION OF TITLE BY CATALOGING AGENCY
Title Syed Waliullah /
Statement of responsibility, etc. Abdul Mannan Syed
245 10 - TITLE STATEMENT
Title সৈয়দ ওয়ালীউল্লাহ্ /
Statement of responsibility, etc. আবদুল মান্নান সৈয়দ
246 ## - VARYING FORM OF TITLE
Title proper/short title Syed Waliullah
250 ## - EDITION STATEMENT
Edition statement 1st ed.
260 ## - PUBLICATION, DISTRIBUTION, ETC.
Place of publication, distribution, etc. ঢাকা :
Name of publisher, distributor, etc. অবসর প্রকাশনা সংস্থা,
Date of publication, distribution, etc. 2024.
300 ## - PHYSICAL DESCRIPTION
Extent ১৯৬ পৃ. :
Other physical details চিত্র ;
Dimensions ২১ সেমি.।
504 ## - BIBLIOGRAPHY, ETC. NOTE
Bibliography, etc. note গ্রন্থপঞ্জিগত নির্দেশিকা ও নিঘন্ট অন্তভূক্ত
650 ## - SUBJECT ADDED ENTRY--TOPICAL TERM
Topical term or geographic name entry element বাংলা কথাসাহিত্য
650 ## - SUBJECT ADDED ENTRY--TOPICAL TERM
Topical term or geographic name entry element Bengali fiction
942 ## - ADDED ENTRY ELEMENTS (KOHA)
Koha item type Books
Holdings
Withdrawn status Lost status Source of classification or shelving scheme Damaged status Not for loan Collection Home library Current library Shelving location Date acquired Source of acquisition Total checkouts Full call number Barcode Date last seen Copy number Price effective from Koha item type
    Dewey Decimal Classification     Non-fiction Jagannath University Central Library Jagannath University Central Library General stacks 12/22/2025 Purchased   891.443092 SYS JNUCL36450 12/22/2025 1 12/22/2025 Books
    Dewey Decimal Classification     Non-fiction Jagannath University Central Library Jagannath University Central Library General stacks 12/22/2025 Purchased   891.443092 SYS JNUCL36451 12/22/2025 2 12/22/2025 Books
    Dewey Decimal Classification     Non-fiction Jagannath University Central Library Jagannath University Central Library General stacks 12/22/2025 Purchased   891.443092 SYS JNUCL36452 12/22/2025 3 12/22/2025 Books
    Dewey Decimal Classification     Non-fiction Jagannath University Central Library Jagannath University Central Library General stacks 12/22/2025 Purchased   891.443092 SYS JNUCL36453 12/22/2025 4 12/22/2025 Books